States of The USA by Starting Letter. - Statistics

General Stats
  • This quiz has been taken 83 times
  • The average score is 47 of 50
Answers on the Map
Answers color-coded by a green-red scale on the quiz's map according to % correct below.
 
Answer Stats
Answer % Correct
Alabama
100%
Alaska
100%
Arizona
100%
Arkansas
100%
Maine
98%
Maryland
98%
Massachusetts
98%
Michigan
98%
Minnesota
98%
Mississippi
98%
Missouri
98%
Montana
98%
California
97%
Colorado
97%
Connecticut
97%
Nebraska
97%
Nevada
97%
New Hampshire
97%
New Jersey
97%
New Mexico
97%
New York
97%
North Carolina
97%
North Dakota
97%
Tennessee
97%
Texas
97%
Idaho
95%
Illinois
95%
Indiana
95%
Iowa
95%
South Carolina
95%
South Dakota
95%
Louisiana
94%
Ohio
94%
Oklahoma
94%
Oregon
94%
Washington
94%
West Virginia
94%
Wisconsin
94%
Wyoming
94%
Florida
92%
Hawaii
92%
Kansas
92%
Kentucky
92%
Georgia
90%
Utah
89%
Pennsylvania
87%
Rhode Island
87%
Delaware
86%
Vermont
81%
Virginia
81%
No matching quizzes found
Score Distribution
Percent of People with Each Score
Percentile by Number Answered
Your Score History
You have not taken this quiz